Émile Zola Bibliography - Statistics

General Stats
  • This quiz has been taken 45 times
    4 since last reset
  • The average score is 29 of 70
Answer Stats
Type Year Name % Correct
Novel 1893 Doctor Pascal
100%
Novel 1885 Germinal
100%
Novel 1890 La Bête Humaine
100%
Novel 1874 La Conquête de Plassans
100%
Novel 1892 La Débâcle
100%
Novel 1875 La Faute de l'Abbé Mouret
100%
Novel 1884 La Joie de Vivre
100%
Novel 1891 L'Argent
100%
Novel 1887 La Terre
100%
Novel 1888 Le Rêve
100%
Novel 1873 Le Ventre de Paris
100%
Novel 1886 L'Œuvre
100%
Novel 1894 Lourdes
100%
Novel 1880 Nana
100%
Novel 1898 Paris
100%
Novel 1896 Rome
100%
Novel 1876 Son Excellence Eugène Rougon
100%
Novel 1871 The Fortune of the Rougons
100%
Novel 1871-1872 The Kill
100%
Novel 1878 Une Page D'Amour
100%
Novel 1883 Au Bonheur des Dames
67%
Novel 1865 Claude's Confession
67%
Novel 1899 Fécondité
67%
Essay 1880 La Roman Expérimental
67%
Novel 1877 L'Assommoir
67%
Essay Collection 1880 Le Roman Expérimental
67%
Novel 1868 Madeleine Férat
67%
Novel 1882 Pot-Bouille
67%
Novel 1867 Thérèse Raquin
67%
Novel 1901 Travail
67%
Novel 1903 Vérité
67%
Book of Tales 1864 Contes à Ninon
33%
Unfinished Novel N/A Justice
33%
Short Story 1877 L'Attaque du Moulin
33%
Novel 1867 Les Mystères de Marseille
33%
Book of Tales 1874 Nouveaux Contes à Ninon
33%
Tale 1864 À Ninon
0%
Tale 1874 À Ninon
0%
Tale 1864 Aventures du grand Sidoine et du petit Médéric
0%
Tale 1864 Celle qui m'aime
0%
Essay 1868 Chaudes-Aigues et Balzac
0%
Essay 1880 De l'influence de la République sur la Littérature
0%
Essay 1866 Hector Berlioz
0%
Novella 1880 I'Inondation
0%
Essay 1880 Jules Janin et Balzac
0%
Tale 1864 La Fée amoureuse
0%
Tale 1874 La Légende du Petit-Manteau bleu de l'amour
0%
Essay 1880 La Littérature Obscène
0%
Tale 1864 Le Carnet de Danse
0%
Tale 1874 Le Chômage
0%
Tale 1874 Le Forgeron
0%
Tale 1874 Le Grand Michu
0%
Tale 1874 Le Jeûne
0%
Essay 1880 Le Naturalisme au Théâtre
0%
Tale 1874 Le Paradis des chats
0%
Tale 1864 Le Sang
0%
Essay 1880 Les Chroniques Parisiennes de Sainte-Beuve
0%
Tale 1874 Les Épaules de la Marquise
0%
Tale 1874 Les Fraises
0%
Tale 1874 Les Quatre Journées de Jean Gourdon
0%
Tale 1864 Les Voleurs et l'âne
0%
Essay 1879 Lettre à la Jeunesse
0%
Tale 1874 Lili
0%
Tale 1874 Mon voisin Jacques
0%
Tale 1864 Simplice
0%
Tale 1864 Sœur-des-pauvres
0%
Tale 1874 Souvenirs
0%
Essay 1879 Trois Débuts
0%
Tale 1874 Un Bain
0%
Essay 1880 Un Prix de Rome Littéraire
0%
No matching quizzes found
Score Distribution
Percent of People with Each Score
Percentile by Number Answered
Your Score History
You have not taken this quiz since the last reset